Former Countries - Statistics

General Stats
  • This quiz has been taken 36 times
  • The average score is 13 of 20
Answer Stats
Clue Country % Correct
4) After WW2, this country was divided into Eastand West through the Cold War until 1990 Germany
97%
3) This country was the unity of the Czech Republicand Slovakia Czechoslovakia
94%
1) After its independence from Mexico,this state was its own country from 1836-45 Texas
94%
12) Formerly the powerful Soviet state until its dissolution in 1991 into 15 nations USSR
94%
2) Eastern European nation that includedCroatia, Serbia, Bosnia, Slovenia, Montenegro and Macedonia Yugoslavia
94%
7) Now called Myanmar, some in the world still call it by thisname Burma
91%
5) Former name of the Democratic Republic of the Congofrom 1971-1997 Zaire
85%
14) Part of Vietnam that existed from 1954-1976 asan anti communist break from the north South Vietnam
82%
15) Formerly the home of the Dalai Lama high in theHimalayan range Tibet
79%
9) Former name of Sri Lanka until its change in 1972 Ceylon
76%
16) This country changed its name to Eswatini in 2018 Swaziland
70%
20) Zimbabwe was called this country from 1965-79 Rhodesia
67%
19) This New England state was an independent nationfrom 1777-1791 Vermont
64%
17) The countries of Syria and Egypt were once part ofthis nation United Arab Republic
48%
10) This nation included Colombia, Ecuador, Venezuelaand Panama from 1819-1830 Gran Colombia
45%
13) This former Russian kingdom once included parts ofGermany and Poland until it dissolved after WW2 Prussia
45%
6) This kingdom was once the Ethiopian empire until itssplit into Ethiopia and Eritrea Abyssinia
39%
11) This state was an independent nation from 1795-1893as a monarchy Hawaii
36%
8) This Asian kingdom existed from 1338-1539, now the countries of India and Bangladesh Bengal
21%
18) British colony from 1884-1866 within present dayLesotho Basutoland
18%
No matching quizzes found
Score Distribution
Percent of People with Each Score
Percentile by Number Answered
Your Score History
You have not taken this quiz